01190cam a22002895a 4500001000800000005001700008008004100025020001500066020001800081040003300099082002000132100002700152245011100179260004500290300003500335490006300370504004100433650006000474650005200534650005600586651001000642653002300652942000800675999001700683952010000700952010000800257928020171218101832.0960430t1996 gw a frb 000 0 eng d a3540613048 a9783540613046 aDLCcDLCdDLCdEG-ScBUEbeng00a347.09222bRYL1 aRyll, Wolfgang,d1965-10aLitigation and settlement in a game with incomplete information :ban experimental study /cWolfgang Ryll. aBerlin ;aNew York :bSpringer,cc.1996. aviii, 174 p. :bill. ;c24 cm.0 aLecture notes in economics and mathematical systems ;v440 aIncludes bibliographical references. 7aDispute resolution (Law)xPsychological aspects.2BUEsh 7aCompromise (Law)xPsychological aspects.2BUEsh 7aActions and defensesxPsychological aspects.2BUEsh 2BUEsh bGGENcDecember2017 2ddc c25720d25692 00102ddc4070aMAINbMAINc1STd2017-12-18l0o347.09 RYLp000042666r2025-07-15 00:00:00yBB 00102ddc4070aMAINbMAINc1STd2018-04-24l0o347.09 RYLp000047663r2025-07-15 00:00:00yBB